| 000 | 00000nam##2200000za#4500 |
| 001 | 9.534730 |
| 003 | CaOODSP |
| 005 | 20210615083626 |
| 007 | ta |
| 008 | 150406|2000||||xxc||||| f|0| 0 eng|d |
| 040 | |aCaOODSP|beng |
| 041 | |aeng |
| 041 | |afre |
| 043 | |an-cn--- |
| 086 | 1 |aH12-30/113 |
| 110 | 1 |aCanada.|bHealth Canada. |bHealth Protection Branch. |
| 245 | 10|aCleaning of reusable resuscitators and PEEP valves |
| 260 | |aOttawa - Ontario : |bHealth Canada. |
| 300 | |a3p. ; |c28 cm. |
| 490 | 1 |aAlert: medical devices |vNo. 113, September 7, 2000 |
| 546 | |aBilingual |
| 563 | |aPamphlet |
| 590 | |a00-51|b2000-12-29 |
| 690 | 07|aMedical technology|2gcpds |
| 690 | 07|aSafety measures|2gcpds |
| 776 | 0#|tNettoyage des réanimateurs et des valves de PEP réutilisables |w(CaOODSP)9.588062 |
| 792 | |tNettoyage des réanimateurs et des valves de PEP réutilisables |efre|w(CaOODSP)9.534731 |
| 830 | #0|aAlert: medical devices ;|vNo. 113, September 7, 2000|w(CaOODSP)9.509384 |